BIBLIOTECA

SENCICO

Investigación educacional / (Registro nro. 308)

Detalles MARC
000 -LEADER
fixed length control field 00898nam a2200229Ia 4500
003 - CONTROL NUMBER IDENTIFIER
control field PE SENCICO BE
005 - DATE AND TIME OF LATEST TRANSACTION
control field 20251020182433.0
008 - FIXED-LENGTH DATA ELEMENTS--GENERAL INFORMATION
fixed length control field 200515s9999 xx 000 0 und d
040 ## - CATALOGING SOURCE
Original cataloging agency PE SENCICO BE
Transcribing agency PE SENCICO BE
041 ## - LANGUAGE CODE
Language code of text/sound track or separate title spa
082 ## - DEWEY DECIMAL CLASSIFICATION NUMBER
Classification number 370.7
Item number P62
100 1# - MAIN ENTRY--PERSONAL NAME
Personal name Piscoya Hermoza, Luis
9 (RLIN) 2675
Relator term autor
245 10 - TITLE STATEMENT
Title Investigación educacional /
Statement of responsibility, etc. Luis Piscoya Hermoza
250 ## - EDITION STATEMENT
Edition statement 2a ed.
260 ## - PUBLICATION, DISTRIBUTION, ETC.
Place of publication, distribution, etc. Lima :
Name of publisher, distributor, etc. Inide ;
Date of publication, distribution, etc. 1978
300 ## - PHYSICAL DESCRIPTION
Extent 141 p. :
Other physical details il., graf. ;
Dimensions 20 cm.
505 0# - FORMATTED CONTENTS NOTE
Formatted contents note Ubicación y caracterización de la investigación educacional -- El proceso de la investigación educacional -- Formulación y contrastación de hipótesis en la investigación educacional -- La encuesta -- Redacción del informe
650 10 - SUBJECT ADDED ENTRY--TOPICAL TERM
Topical term or geographic name entry element Educación
9 (RLIN) 2279
650 20 - SUBJECT ADDED ENTRY--TOPICAL TERM
Topical term or geographic name entry element Metodología de la investigación
9 (RLIN) 260
710 1# - ADDED ENTRY--CORPORATE NAME
9 (RLIN) 2677
Corporate name or jurisdiction name as entry element Perú.
Subordinate unit Ministerio de Educación
942 ## - ADDED ENTRY ELEMENTS (KOHA)
Koha item type Libros
Source of classification or shelving scheme Dewey Decimal Classification
Existencias
Fecha de la última vez que lo usaron Número de ingreso o de inventario Pago total Signatura topográfica completa Código de barras Precio efectivo desde Tipo de documento Estado perdido Sistema de clasificación Estado dañado No es para préstamo Retirado Ubicación permanente Ubicación actual Fecha de adquisición
15/05/2020 935   370.7/P62 BibLima24110015 15/05/2020 Libros   Dewey Decimal Classification       Biblioteca Central Lima Biblioteca Central Lima 15/05/2020
18/11/2024 934   370.7/P62/ej. 2 BibLima24110016 18/11/2024 Libros   Dewey Decimal Classification       Biblioteca Central Lima Biblioteca Central Lima 18/11/2024